000 00836nam a2200241Ia 4500
003 OSt
005 20220923224250.0
006 a|||||r|||| 00| 0
007 ta
008 220922b |||||||| |||| 00| 0 hin d
024 _a230,145
037 _cTextual
040 _aARTS
_cARTS
_bhin
041 _2hin
_ahin
082 _aP1520aF, 152M8
100 _aगिरीराज किशोर, संपा.
245 0 _aभाषा और प्रौद्योगिकी
246 _aBhāṣhā aur praudyogikī
260 _aकानपुर
_b रचनात्मक लेखन एंव प्रकाशन केन्द्र
_c1988
300 _a387पृ.
_ccm.
942 _hP1520aF, 152M8
_cTEXL
_2CC
999 _c370268
_d370268